| 000 | 00551nam a2200193Ia 4500 | ||
|---|---|---|---|
| 003 | GCL | ||
| 008 | 140319s9999 xx 000 0 ara d | ||
| 040 |
_aGCL / _cGCL |
||
| 082 | 0 | 4 |
_a813.03 _bا ل |
| 100 | 1 | _aعفيفة دمشقية | |
| 245 | 1 | 0 |
_aليون الافريقى / _cعفيفة دمشقية |
| 700 | 1 | _aامين معلوف | |
| 260 |
_a[S.N] : _bدار الفارابى ، _c1994 |
||
| 300 | _a391 ص | ||
| 490 | _a | ||
| 650 | 0 | 4 | _aالادب العربى |
| 650 | 0 | 4 | _aالقصص العربية المترجمة |
| 942 |
_2ddc _cBK |
||
| 999 |
_c54891 _d54891 |
||